1287 1424 1351 1507 1010 1751 1554 1229 1355 1297 1753 1512 1561 1884 1286 1578 1513 1554 1530 1095 1300 1427 1079 1170 1636 1971 1280 1746 1635 1562 1487 1493 1142 1866 1109 1213 1808 1263 1296 1322 1901 1320 1774 1022 1696 1329 1725 1184 1870 1540 1010 1388 1394 1705 1085 1622 1319 1168 1009 1501 1775 1889 1653 1367 1122 1501 1661 1951 1542 1745 1683 1614 1310 1095 1972 1024 1427 1247 1986 1602 1521 1240 1993 1237 1848 1161 1350 1533 1556 1980 1224 1275 1918 1731 1136 1011 1435 1840 1443 BCNSPRNW ULIB Ver.6.0+V

เปลี่ยนเป็นภาษาไทย

Change to English
 แสดงรายละเอียดบรรณานุกรม
  กลับหน้าหลัก

Brief Record : Get Marc (ISO 2709) : E-mail record : QR code < ปิดหน้าต่าง
LEADER : 00000nam 2200000uu 4500
001    13399122339
003     ULIB
008    020711s2550 th a 000 0 tha d
020    9789744348326
090    นว.^bจ547ค
100    จิลเลียน ฟลินน์,^eเขียน
110    ฟิสิกส์เซ็นเตอร์
245    คมมรณะ/^cจิลเลียน ฟลินน์
260    กรุงเทพฯ :^bฟิสิกส์เซ็นเตอร์,^c2550
300    344 หน้า
700    อาสยา ฐกัดกุล,^eแปล
945    ^p230^l0^i021598
999    ^aทศพร
รายการนี้ยังไม่มีแท็ก
คุณยังไม่ได้ล็อกอิน คุณสามารถมีกิจกรรมร่วมกับเว็บไซต์ได้ แต่ต้องล็อกอินก่อน ::
  ล็อกอิน

รายการสื่อสารสนเทศ

ลำดับที่ ประเภท เลขเรียก/บาร์โค้ด สถานที่ สถานะ
1. นวนิยาย
นวนิยาย
นว. จ547ค ฉ.1 
  Barcode: 021598
ห้องสมุดวิทยาเขตสวรรค์ประชารักษ์
►นวนิยาย
บนชั้น
  ขอยืม

BibComment


ยังไม่เคยถูกคอมเมนท์

คอมเมนท์ทรัพยากรรายการนี้
  คอมเมนท์: คมมรณะ จิลเลียน ฟ..


 Copyright 2026. Bcnsprnw @Library